Suomen kunnat, joiden nimessä on Y - Statistics

Yleistilastot
  • Tätä visaa on pelattu 116 kertaa
  • Keskiarvotulos 23 / 27
Vastaustilastot
Vihje Maakunta Kunta % Oikein
2 x Y Keski-Suomi Kyyjärvi
96%
2 x Y Kainuu Hyrynsalmi
94%
2 x Y Keski-Suomi Jyväskylä
94%
1 x Y Uusimaa Hyvinkää
93%
1 x Y Pohjois-Pohjanmaa Pyhäjärvi
93%
1 x Y Lappi Ylitornio
93%
1 x Y Pirkanmaa Ylöjärvi
93%
1 x Y Pohjois-Pohjanmaa Pyhäjoki
91%
1 x Y Kymenlaakso Pyhtää
91%
1 x Y Pohjois-Pohjanmaa Tyrnävä
91%
1 x Y Pohjois-Pohjanmaa Ylivieska
89%
1 x Y Pohjois-Karjala Rääkkylä
87%
1 x Y Lappi Sodankylä
85%
2 x Y Pohjanmaa Uusikaarlepyy
85%
1 x Y Pohjanmaa Vöyri
85%
2 x Y Uusimaa Myrskylä
83%
1 x Y Pohjois-Pohjanmaa Pyhäntä
83%
1 x Y Päijät-Häme Sysmä
83%
1 x Y Varsinais-Suomi Mynämäki
81%
2 x Y Varsinais-Suomi Pöytyä
81%
2 x Y Pohjanmaa Kruunupyy
80%
1 x Y Kanta-Häme Ypäjä
80%
1 x Y Satakunta Säkylä
78%
1 x Y Varsinais-Suomi Pyhäranta
74%
1 x Y Pirkanmaa Hämeenkyrö
72%
1 x Y Etelä-Savo Mäntyharju
72%
1 x Y Etelä-Pohjanmaa Isokyrö
70%
Ehtoja vastaavia visoja ei löytynyt
Tulosjakauma
Jokaisen tuloksen saaneiden osuus
Persentiili vastausten määrän mukaan
Tuloshistoriasi
Et ole pelannut tätä visaa